00440nam a22001337a 450000500170000002000180001708200190003510000240005424500770007826000560015530000100021149000430022165000420026420260204152008.0 a9791186178140 a306.09519 CHU  aChung, Edward Y. J. aKorean Confucianismb:Traditionally and modernity c/Chung, Edward Y. J. aKorea: bThe acdemy of korean studies press,c2015. a179p. aThe Understanding Korea Series (UKS) 3 aSocial history korea aCulture korea